Public housing and social sustainability indicators (Record no. 106309)

MARC details
000 -LEADER
fixed length control field 01193cam a2200241 4500
001 - CONTROL NUMBER
control field ##L136076
008 - FIXED-LENGTH DATA ELEMENTS--GENERAL INFORMATION
fixed length control field 070108n2006 000 0 eng u
020 ## - INTERNATIONAL STANDARD BOOK NUMBER
International Standard Book Number 9781842193074
035 ## - SYSTEM CONTROL NUMBER
System control number (Sirsi) u136076
041 0# - LANGUAGE CODE
Language code of text/sound track or separate title eng
050 04 - LIBRARY OF CONGRESS CALL NUMBER
Classification number 333.725125 $2 18
100 1# - MAIN ENTRY--PERSONAL NAME
Personal name Mohammad, F.
245 00 - TITLE STATEMENT
Title Public housing and social sustainability indicators
Remainder of title HK-BEAM as a case study
260 ## - PUBLICATION, DISTRIBUTION, ETC.
Place of publication, distribution, etc. London
Name of publisher, distributor, etc. RICS
Date of publication, distribution, etc. 2006
490 #0 - SERIES STATEMENT
Series statement COBRA
Volume/sequential designation 2006
520 ## - SUMMARY, ETC.
Summary, etc. Looks primarily into the relationship of sustainable development and housing in Hong Kong. Compares four key building assessment tools to evaluate their comprehensiveness for measuring social sustainability issues. Presents findings from a Hong Kong pilot study to identify the key social sustainability indicators and their apparent weighting according to the stakeholder's perceptions. Figures. Tables. References.
651 #4 - SUBJECT ADDED ENTRY--GEOGRAPHIC NAME
Geographic name HONG KONG
651 #4 - SUBJECT ADDED ENTRY--GEOGRAPHIC NAME
Geographic name United Kingdom
Chronological subdivision
690 ## - LOCAL SUBJECT ADDED ENTRY--TOPICAL TERM (OCLC, RLIN)
Topical term or geographic name as entry element ENVIRONMENTAL AND LAND CONSULTANCY-SUSTAINABILITY-SUSTAINABLE DEVELOPMENT
700 1# - ADDED ENTRY--PERSONAL NAME
Personal name Amato, A.
856 40 - ELECTRONIC LOCATION AND ACCESS
Uniform Resource Identifier <a href="https://www.rics.org/site/scripts/download_info.aspx?downloadID=2942">https://www.rics.org/site/scripts/download_info.aspx?downloadID=2942</a>
Public note View the paper free of charge at www.rics.org...
942 ## - ADDED ENTRY ELEMENTS (KOHA)
Suppress in OPAC 0
Holdings
Withdrawn status Lost status Source of classification or shelving scheme Damaged status Not for loan Home library Current library Shelving location Date acquired Total Checkouts Full call number Barcode Date last seen Copy number Price effective from Koha item type
    Dewey Decimal Classification     Virtual Virtual Online 08/01/2007   ONLINE PUBLICATION 136076-2001 06/08/2019 1 06/08/2019 Book